000 00650nam a22002297a 4500
005 20170124110113.0
010 _aB-168299
020 _c00.00
_a8170462576
035 _aB-168299
037 _bCen Lib/Ret
040 _aDPL
_bEN
082 _aN
_bMAH
100 _aMaheshwari Devi
_929489
245 _aRomtha :
_cby Maheshwari Devi; translated by Pinaki Bhattacharya
_ba novel /
260 _aCalcutta
_bSeagull books
_c2004
270 _bCalcutta
_a26 Circua avenue
_e700017
300 _a72p.
_c20cm(Hb)
650 _aLiterature
_96262
650 _aNovel
_922513
700 _aBhattacharya, Pinaki
_929490
942 _2ddc
_cEN
_hN
_mMAH
999 _c130554
_d130554